FIFA 23 TOTW 26 - Statistics

General Stats
  • This quiz has been taken 10 times
  • The average score is 6 of 23
Answer Stats
rat pos club player % Correct
TOTW Starter 90 ST Inter Milan Romelu Lukaku
90%
TOTW Starter 84 ST Newcastle United Alexander Isak
60%
TOTW Starter 89 CDM Aston Villa Douglas Luiz
60%
TOTW Starter 88 LB Real Madrid Eduardo Camavinga
60%
TOTW Starter 88 CM West Ham United Lucas Paquetá
60%
TOTW Starter 84 CB Everton Michael Keane
40%
TOTW Starter 84 RM Borussia Dortmund Donyell Malen
30%
TOTW Reserve 83 LW RC Lens Adrien Thomasson
20%
TOTW Starter 86 ST Melbourne City Jamie Maclaren
20%
TOTW Reserve 83 ST Werder Bremen Marvin Ducksch
20%
TOTW Starter 87 GK RC Strasbourg Matz Sels
20%
TOTW Reserve 83 CB Udinese Nehuén Pérez
20%
TOTW Starter 85 RB Athletic Club Óscar de Marcos
20%
TOTW Reserve 84 RM Başakşehir Adnan Januzaj
10%
TOTW Reserve 85 ST Young Boys Cedric Itten
10%
TOTW Reserve 81 ST Club Brugge Ferran Jutglà
10%
TOTW Reserve 80 CAM Hearts of Midlothian Lawrence Shankland
10%
TOTW Reserve 80 ST Jagiellonia Białystok Marc Gual
10%
TOTW Reserve 82 ST Philadelphia Union Mikael Uhre
10%
TOTW Reserve 77 RW FC Emmen Ole Romeny
10%
TOTW Reserve 83 CF Hellas Verona Simone Verdi
10%
TOTW Reserve 81 GK APOEL Vid Belec
10%
TOTW Starter 86 CM VfL Wolfsburg Mattias Svenburg
0%
No matching quizzes found
Score Distribution
Percent of People with Each Score
Percentile by Number Answered
Your Score History
You have not taken this quiz